Organization of law courts in Yugoslavia (Record no. 502131)

000 -LEADER
fixed length control field 00345cam a22001217a 4500
008 - FIXED-LENGTH DATA ELEMENTS--GENERAL INFORMATION
fixed length control field 180718b1955 xxu||||| |||| 00| 0 eng d
082 ## - DEWEY DECIMAL CLASSIFICATION NUMBER
Classification number H2x497 Sr99
100 ## - MAIN ENTRY--PERSONAL NAME
Personal name Srzentic, Nikola
245 ## - TITLE STATEMENT
Title Organization of law courts in Yugoslavia
Statement of responsibility, etc. by Nikola Srzentic
260 ## - PUBLICATION, DISTRIBUTION, ETC.
Place of publication, distribution, etc. Beogard
Name of publisher, distributor, etc. Stamparija
Date of publication, distribution, etc. 1955
300 ## - PHYSICAL DESCRIPTION
Extent 33p.
650 ## - SUBJECT ADDED ENTRY--TOPICAL TERM
Topical term or geographic name entry element International law.
Holdings
Withdrawn status Lost status Damaged status Not for loan Permanent Location Current Location Date acquired Full call number Barcode Date last seen Price effective from Koha item type
        Indian Institute of Public Administration Indian Institute of Public Administration 2018-08-04 H2x497 Sr99 GR6112 2018-08-04 2018-08-04 GR

Powered by Koha